Structure of rings /

Guardado en:
Autor Principal: Jacobson, Nathan, 1910-1999.
Formato: Libro
Idioma:English
Publicado: Providence, R.I. : American Mathematical Society, 1956.
Series:American Mathematical Society Colloquium publications ; v. 37
Etiquetas: Agregar Etiqueta
Sin Etiquetas, Sea el primero en etiquetar este registro!
LEADER 00570nam a22001695a 4500
001 MAT.inmabb000603
008 031118s1956####riu###########001#0#eng#d
005 20130228170909.0
245 1 0 |a Structure of rings /  |c by Nathan Jacobson. 
260 |a Providence, R.I. :  |b American Mathematical Society,  |c 1956. 
300 |a vii, 263 p. ;  |c cm. 
440 0 |a American Mathematical Society Colloquium publications ;  |v v. 37 
510 4 |a MR,  |c 18,373d 
100 1 |a Jacobson, Nathan,  |d 1910-1999. 
084 |a 16.00 (13.00)  |2 MR 
010 |a  56014638  
859 |h 16  |i J17s  |p A-408  |b BIB. MATEMATICA